Estado del arte de los sistemas de microgeneración y distribución de la energía eléctrica, en corriente directa, para residencias
Gorde:
| Egile nagusia: | |
|---|---|
| Beste egile batzuk: | |
| Formatua: | Liburua |
| Hizkuntza: | Spanish |
| Argitaratua: |
[San José], Costa Rica
2015
|
| Gaiak: | |
| Etiketak: |
Etiketa erantsi
Etiketarik gabe, Izan zaitez lehena erregistro honi etiketa jartzen!
|
MARC
| LEADER | 00000nam a22000007a 4500 | ||
|---|---|---|---|
| 003 | 012396 | ||
| 005 | 20230914104733.0 | ||
| 008 | 160707b2015 cr a|||| |||| 00| ||spa d | ||
| 040 | |c cru CEDI | ||
| 090 | |a TFG 7554 | ||
| 100 | |9 1503 |a Solano Burgos, Johan, 1987- | ||
| 245 | |a Estado del arte de los sistemas de microgeneración y distribución de la energía eléctrica, en corriente directa, para residencias | ||
| 260 | |a [San José], Costa Rica |c 2015 | ||
| 300 | |a xii, 81 hojas; ilustraciones | ||
| 500 | |a Proyecto de graduación (bachillerato en ingeniería eléctrica)--Universidad de Costa Rica. Facultad de Ingeniería. Escuela de Ingeniería Eléctrica | ||
| 501 | |a Profesor Guía de IE-0499 Proyecto Eléctrico: Ing. Gustavo Núñez Segura | ||
| 650 | |x CORRIENTES CONTINUAS |x ENERGIA ELECTRICA - COSTA RICA |x DISTRIBUCION DE ENERGIA ELECTRICA |x CORRIENTE ALTERNA |9 5186 | ||
| 700 | |9 918 |a Núñez Segura, Gustavo, 1990- |d Director de Proyecto Eléctrico | ||
| 942 | |c CEDI | ||
| 999 | |c 16977 |d 16977 | ||
